[Event "Greek Team Championship"]
[Site "chess24.com"]
[Date "2017.07.05"]
[Round "4"]
[White "Balaska, Eleni Sofia"]
[Black "Kokkota, Eleni"]
[Result "0-1"]
[Board "6"]
[WhiteElo "1412"]
[WhiteCountry "GRE"]
[WhiteFideId "4255704"]
[WhiteEloChange "-5"]
[BlackElo "1614"]
[BlackCountry "GRE"]
[BlackFideId "4258860"]
[BlackEloChange "5"]

1. e4 {[%clk 1:30:58]} c6 {[%clk 1:30:25]} 2. Nc3 {[%clk 1:31:06]} d5 {[%clk
1:30:46]} 3. Nf3 {[%clk 1:31:25]} Bg4 {[%clk 1:30:02]} 4. exd5 {[%clk 1:15:00]}
cxd5 {[%clk 1:30:25]} 5. d4 {[%clk 1:12:07]} a6 {[%clk 1:25:50]} 6. Be2 {[%clk
1:04:50]} Nc6 {[%clk 1:23:11]} 7. h3 {[%clk 0:55:30]} Bh5 {[%clk 1:22:04]} 8. Ne5
{[%clk 0:53:55]} Bxe2 {[%clk 1:21:26]} 9. Nxe2 {[%clk 0:54:10]} e6 {[%clk
1:15:44]} 10. c3 {[%clk 0:50:48]} Bd6 {[%clk 1:13:22]} 11. Nf3 {[%clk 0:50:37]}
Qc7 {[%clk 1:13:04]} 12. Be3 {[%clk 0:46:32]} Nge7 {[%clk 1:05:10]} 13. Qd2
{[%clk 0:42:57]} Ng6 {[%clk 1:04:52]} 14. h4 {[%clk 0:34:05]} h5 {[%clk 1:01:56]}
15. b3 {[%clk 0:23:55]} Na5 {[%clk 0:58:46]} 16. Ng5 {[%clk 0:21:35]} b5 {[%clk
0:38:35]} 17. b4 {[%clk 0:13:27]} Nc4 {[%clk 0:37:31]} 18. Qd3 {[%clk 0:13:20]}
Ne7 {[%clk 0:37:20]} 19. g3 {[%clk 0:11:30]} Nf5 {[%clk 0:31:44]} 20. Bf4 {[%clk
0:09:21]} Rc8 {[%clk 0:26:20]} 21. Bxd6 {[%clk 0:06:50]} Nfxd6 {[%clk 0:25:22]}
22. O-O {[%clk 0:06:05]} Qc6 {[%clk 0:21:20]} 23. Rfe1 {[%clk 0:02:06]} Ne4
{[%clk 0:18:40]} 24. Qf3 {[%clk 0:01:41]} Nxg5 {[%clk 0:12:47]} 25. hxg5 {[%clk
0:02:07]} g6 {[%clk 0:11:34]} 26. Nf4 {[%clk 0:01:40]} Nd2 {[%clk 0:05:44]} 27.
Qxd5 {[%clk 0:00:34]} Qxd5 {[%clk 0:06:06]} 28. Nxd5 {[%clk 0:00:54]} Nf3+ {[%clk
0:06:23]} 29. Kg2 {[%clk 0:01:17]} Nxe1+ {[%clk 0:06:19]} 30. Rxe1 {[%clk
0:01:42]} Kd8 {[%clk 0:06:06]} 31. Nf6 {[%clk 0:00:45]} Rxc3 {[%clk 0:05:50]} 32.
d5 {[%clk 0:00:39]} exd5 {[%clk 0:04:56]} 33. Nxd5 {[%clk 0:01:01]} Rd3 {[%clk
0:04:28]} 34. Nf6 {[%clk 0:00:55]} Rd2 {[%clk 0:04:16]} 35. a3 {[%clk 0:01:19]}
Rd3 {[%clk 0:04:35]} 36. Re3 {[%clk 0:00:35]} Rxe3 {[%clk 0:04:37]} 37. fxe3
{[%clk 0:01:00]} Ke7 {[%clk 0:04:46]} 38. Nd5+ {[%clk 0:00:45]} Kd6 {[%clk
0:04:48]} 39. e4 {[%clk 0:00:52]} Rc8 {[%clk 0:04:24]} 40. Kf3 {[%clk 0:30:46]}
Ke5 {[%clk 0:33:04]} 41. g4 {[%clk 0:16:20]} h4 {[%clk 0:30:58]} 42. Ke3 {[%clk
0:12:43]} Rc4 {[%clk 0:30:49]} 43. Nf6 {[%clk 0:12:31]} Rc3+ {[%clk 0:30:40]} 44.
Kf2 {[%clk 0:12:39]} h3 {[%clk 0:30:24]} 45. Nd7+ {[%clk 0:12:29]} Kf4 {[%clk
0:30:23]} 46. e5 {[%clk 0:12:17]} h2 {[%clk 0:30:38]} 47. Kg2 {[%clk 0:12:37]}
Rc2+ {[%clk 0:31:03]} 48. Kh1 {[%clk 0:13:02]} Kg3 {[%clk 0:31:27]} 0-1

[Event "Greek Team Championship"]
[Site "chess24.com"]
[Date "2017.07.05"]
[Round "4"]
[White "Anthopoulou, Ioanna"]
[Black "Ntala, Konstantina"]
[Result "1-0"]
[Board "7"]
[WhiteElo "1333"]
[WhiteCountry "GRE"]
[WhiteFideId "4248040"]
[WhiteEloChange "4"]
[BlackElo "1069"]
[BlackCountry "GRE"]
[BlackFideId "25836234"]
[BlackEloChange "-4"]

1. e4 {[%clk 1:30:56]} e5 {[%clk 1:30:57]} 2. Nf3 {[%clk 1:31:15]} Nc6 {[%clk
1:31:21]} 3. Bb5 {[%clk 1:31:25]} Bc5 {[%clk 1:31:24]} 4. O-O {[%clk 1:31:01]}
Nd4 {[%clk 1:31:25]} 5. Nxd4 {[%clk 1:28:39]} Bxd4 {[%clk 1:31:49]} 6. c3 {[%clk
1:28:43]} Bb6 {[%clk 1:32:14]} 7. d3 {[%clk 1:28:39]} c6 {[%clk 1:29:51]} 8. Ba4
{[%clk 1:22:05]} d6 {[%clk 1:30:02]} 9. Nd2 {[%clk 1:18:58]} Nf6 {[%clk 1:30:15]}
10. h3 {[%clk 1:18:35]} O-O {[%clk 1:29:20]} 11. Re1 {[%clk 1:15:04]} Re8 {[%clk
1:27:16]} 12. Nf1 {[%clk 1:14:33]} h6 {[%clk 1:20:41]} 13. Ng3 {[%clk 1:10:55]}
Bd7 {[%clk 1:19:08]} 14. Bb3 {[%clk 1:09:54]} d5 {[%clk 1:05:37]} 15. exd5 {[%clk
1:08:44]} cxd5 {[%clk 1:05:56]} 16. Qf3 {[%clk 1:05:21]} Bc6 {[%clk 1:05:41]} 17.
Nf5 {[%clk 1:03:27]} Qd7 {[%clk 1:01:18]} 18. Nxh6+ {[%clk 0:59:02]} Kf8 {[%clk
0:53:32]} 19. Ng4 {[%clk 0:54:40]} Nxg4 {[%clk 0:53:01]} 20. hxg4 {[%clk
0:53:50]} Qd6 {[%clk 0:39:46]} 21. g5 {[%clk 0:53:08]} Rad8 {[%clk 0:33:39]} 22.
Qh3 {[%clk 0:47:30]} Qg6 {[%clk 0:33:29]} 23. Bd2 {[%clk 0:42:59]} Bc7 {[%clk
0:24:12]} 24. Rac1 {[%clk 0:38:52]} Kg8 {[%clk 0:15:22]} 25. d4 {[%clk 0:34:03]}
exd4 {[%clk 0:15:29]} 26. Rxe8+ {[%clk 0:33:40]} Rxe8 {[%clk 0:15:47]} 27. Bc2
{[%clk 0:34:00]} Qd6 {[%clk 0:13:24]} 28. Qh7+ {[%clk 0:31:36]} Kf8 {[%clk
0:13:46]} 29. g6 {[%clk 0:31:45]} f6 {[%clk 0:04:37]} 30. Qh8+ {[%clk 0:30:00]}
Ke7 {[%clk 0:05:01]} 31. Qxg7+ {[%clk 0:29:58]} Kd8 {[%clk 0:05:20]} 32. Qh6
{[%clk 0:29:41]} Bd7 {[%clk 0:02:53]} 33. g7 {[%clk 0:28:48]} Be6 {[%clk
0:02:37]} 34. Qxf6+ {[%clk 0:27:24]} Kc8 {[%clk 0:02:43]} 35. g3 {[%clk 0:27:00]}
dxc3 {[%clk 0:02:26]} 36. Bxc3 {[%clk 0:26:44]} Bg8 {[%clk 0:02:16]} 37. Bf5+
{[%clk 0:25:39]} Kb8 {[%clk 0:02:20]} 38. Qg5 {[%clk 0:22:06]} Bd8 {[%clk
0:02:03]} 39. Qd2 {[%clk 0:21:59]} Bf6 {[%clk 0:01:44]} 40. Bb4 {[%clk 0:50:19]}
Qe5 {[%clk 0:31:10]} 41. Bg6 {[%clk 0:48:26]} Rd8 {[%clk 0:29:39]} 42. Re1 {[%clk
0:47:11]} Qc7 {[%clk 0:25:49]} 43. b3 {[%clk 0:39:18]} Qxg7 {[%clk 0:23:50]} 44.
Qf4+ {[%clk 0:37:53]} Ka8 {[%clk 0:23:16]} 45. Bf5 {[%clk 0:36:23]} Qg5 {[%clk
0:18:17]} 46. Qf3 {[%clk 0:34:47]} Bf7 {[%clk 0:17:05]} 47. a4 {[%clk 0:33:01]}
d4 {[%clk 0:10:40]} 48. a5 {[%clk 0:32:27]} Bd5 {[%clk 0:10:10]} 49. Be4 {[%clk
0:32:33]} Bxe4 {[%clk 0:10:20]} 50. Qxe4 {[%clk 0:32:57]} Qd5 {[%clk 0:09:34]}
51. Qxd5 {[%clk 0:29:43]} Rxd5 {[%clk 0:09:57]} 52. Re8+ {[%clk 0:30:08]} Bd8
{[%clk 0:10:12]} 53. Be7 {[%clk 0:30:02]} Kb8 {[%clk 0:06:43]} 54. Bxd8 {[%clk
0:30:08]} d3 {[%clk 0:06:39]} 55. Bb6+ {[%clk 0:30:31]} Rd8 {[%clk 0:06:53]} 56.
Rxd8# {[%clk 0:30:55]} 1-0

[Event "Greek Team Championship"]
[Site "chess24.com"]
[Date "2017.07.05"]
[Round "4"]
[White "Kalogridakis, Theodoros"]
[Black "Nikolaou, Spiridon"]
[Result "1-0"]
[Board "8"]
[WhiteElo "2069"]
[WhiteCountry "GRE"]
[WhiteFideId "4249674"]
[WhiteEloChange "14"]
[BlackElo "2231"]
[BlackCountry "GRE"]
[BlackFideId "4264398"]
[BlackEloChange "-14"]

1. e4 {[%clk 1:30:57]} c5 {[%clk 1:30:51]} 2. Nf3 {[%clk 1:31:18]} e6 {[%clk
1:31:16]} 3. g3 {[%clk 1:31:28]} d5 {[%clk 1:31:07]} 4. exd5 {[%clk 1:31:50]}
Qxd5 {[%clk 1:31:30]} 5. Nc3 {[%clk 1:31:48]} Qd8 {[%clk 1:31:54]} 6. Bg2 {[%clk
1:32:15]} Nc6 {[%clk 1:32:19]} 7. O-O {[%clk 1:32:31]} Nf6 {[%clk 1:32:43]} 8. d3
{[%clk 1:31:07]} Be7 {[%clk 1:33:06]} 9. Re1 {[%clk 1:29:42]} O-O {[%clk
1:33:26]} 10. Bf4 {[%clk 1:30:03]} Qb6 {[%clk 1:32:01]} 11. b3 {[%clk 1:26:51]}
Nd4 {[%clk 1:24:04]} 12. Ne5 {[%clk 1:16:10]} Qd8 {[%clk 1:15:37]} 13. h3 {[%clk
1:10:00]} Nd5 {[%clk 1:10:30]} 14. Nxd5 {[%clk 1:01:39]} exd5 {[%clk 1:10:47]}
15. c3 {[%clk 1:02:03]} Ne6 {[%clk 1:09:33]} 16. Bd2 {[%clk 1:02:18]} a5 {[%clk
1:03:24]} 17. f4 {[%clk 0:50:18]} Ra6 {[%clk 0:59:32]} 18. Qf3 {[%clk 0:47:41]}
Nc7 {[%clk 0:52:47]} 19. Re2 {[%clk 0:46:49]} Re8 {[%clk 0:42:07]} 20. Rae1
{[%clk 0:47:05]} Bf8 {[%clk 0:37:30]} 21. Nxf7 {[%clk 0:34:09]} Kxf7 {[%clk
0:36:57]} 22. Rxe8 {[%clk 0:33:49]} Nxe8 {[%clk 0:37:12]} 23. Qxd5+ {[%clk
0:34:13]} Qxd5 {[%clk 0:37:27]} 24. Bxd5+ {[%clk 0:34:37]} Be6 {[%clk 0:37:43]}
25. Rxe6 {[%clk 0:35:02]} Rxe6 {[%clk 0:35:30]} 26. f5 {[%clk 0:35:04]} Bd6
{[%clk 0:33:48]} 27. Kg2 {[%clk 0:34:23]} b6 {[%clk 0:33:16]} 28. Bxe6+ {[%clk
0:34:33]} Kf6 {[%clk 0:33:18]} 29. g4 {[%clk 0:34:32]} h6 {[%clk 0:33:08]} 30.
Kf3 {[%clk 0:34:28]} g5 {[%clk 0:33:10]} 31. Bd7 {[%clk 0:33:00]} Nc7 {[%clk
0:33:12]} 32. Bc6 {[%clk 0:33:22]} h5 {[%clk 0:32:51]} 33. Ke4 {[%clk 0:33:32]}
hxg4 {[%clk 0:32:48]} 34. hxg4 {[%clk 0:33:57]} Bg3 {[%clk 0:32:24]} 35. b4
{[%clk 0:26:41]} axb4 {[%clk 0:28:39]} 36. cxb4 {[%clk 0:27:05]} cxb4 {[%clk
0:28:56]} 37. Bxb4 {[%clk 0:27:30]} Na6 {[%clk 0:28:31]} 38. Bc3+ {[%clk
0:27:56]} Ke7 {[%clk 0:28:56]} 39. f6+ {[%clk 0:25:50]} 1-0

[Event "Greek Team Championship"]
[Site "chess24.com"]
[Date "2017.07.05"]
[Round "4"]
[White "Michaelides, Konstantinos"]
[Black "Deligiannis, Christos Nikolaos"]
[Result "1-0"]
[Board "9"]
[WhiteElo "2046"]
[WhiteTitle "CM"]
[WhiteCountry "CYP"]
[WhiteFideId "5901871"]
[WhiteEloChange "2"]
[BlackElo "1650"]
[BlackCountry "GRE"]
[BlackFideId "25820249"]
[BlackEloChange "-2"]

1. e4 {[%clk 1:30:52]} c5 {[%clk 1:30:52]} 2. Nf3 {[%clk 1:31:17]} d6 {[%clk
1:31:19]} 3. d4 {[%clk 1:31:42]} cxd4 {[%clk 1:31:44]} 4. Nxd4 {[%clk 1:32:08]}
Nf6 {[%clk 1:32:09]} 5. Nc3 {[%clk 1:32:34]} g6 {[%clk 1:32:35]} 6. Be3 {[%clk
1:32:34]} Bg7 {[%clk 1:32:59]} 7. Be2 {[%clk 1:32:19]} O-O {[%clk 1:32:53]} 8.
O-O {[%clk 1:32:25]} Nc6 {[%clk 1:33:07]} 9. f4 {[%clk 1:31:12]} Bd7 {[%clk
1:28:59]} 10. Bf3 {[%clk 1:30:04]} Nxd4 {[%clk 1:25:49]} 11. Bxd4 {[%clk
1:30:27]} Bc6 {[%clk 1:26:12]} 12. Qd3 {[%clk 1:23:42]} Qa5 {[%clk 1:13:18]} 13.
Rab1 {[%clk 1:18:08]} a6 {[%clk 1:05:02]} 14. b4 {[%clk 1:08:42]} Qc7 {[%clk
1:01:53]} 15. a4 {[%clk 0:59:34]} Rfc8 {[%clk 0:42:53]} 16. b5 {[%clk 0:46:48]}
axb5 {[%clk 0:41:19]} 17. axb5 {[%clk 0:47:12]} Be8 {[%clk 0:28:23]} 18. b6
{[%clk 0:43:08]} Qc4 {[%clk 0:26:18]} 19. e5 {[%clk 0:41:23]} Qxd3 {[%clk
0:16:50]} 20. cxd3 {[%clk 0:41:47]} dxe5 {[%clk 0:17:09]} 21. fxe5 {[%clk
0:41:26]} Nd7 {[%clk 0:17:21]} 22. Bxb7 {[%clk 0:32:37]} Bxe5 {[%clk 0:13:35]}
23. Bxe5 {[%clk 0:32:48]} Nxe5 {[%clk 0:13:57]} 24. Bxc8 {[%clk 0:32:04]} Rxc8
{[%clk 0:14:24]} 25. b7 {[%clk 0:31:55]} Rb8 {[%clk 0:14:39]} 26. Rfe1 {[%clk
0:25:11]} Nc6 {[%clk 0:06:13]} 27. Nd5 {[%clk 0:25:07]} Kf8 {[%clk 0:04:57]} 28.
Rb6 {[%clk 0:19:07]} Bd7 {[%clk 0:02:45]} 29. Ra1 {[%clk 0:16:53]} Rd8 {[%clk
0:01:09]} 30. b8Q {[%clk 0:14:37]} Nxb8 {[%clk 0:00:56]} 31. Ra8 {[%clk 0:14:59]}
Nc6 {[%clk 0:00:35]} 32. Rxd8+ {[%clk 0:15:21]} Nxd8 {[%clk 0:00:59]} 33. Rb8
{[%clk 0:15:47]} e6 {[%clk 0:01:08]} 34. Rxd8+ {[%clk 0:16:09]} 1-0

[Event "Greek Team Championship"]
[Site "chess24.com"]
[Date "2017.07.05"]
[Round "4"]
[White "Thanatis, Thomas"]
[Black "Vlachos, Georgios 46448"]
[Result "0-1"]
[Board "10"]
[WhiteElo "1101"]
[WhiteCountry "GRE"]
[WhiteFideId "25839772"]
[WhiteEloChange "-4"]
[BlackElo "1363"]
[BlackCountry "GRE"]
[BlackFideId "25851128"]
[BlackEloChange "4"]

1. e4 {[%clk 1:30:57]} c5 {[%clk 1:30:50]} 2. Nf3 {[%clk 1:31:14]} Nc6 {[%clk
1:30:59]} 3. d4 {[%clk 1:31:29]} cxd4 {[%clk 1:31:13]} 4. Nxd4 {[%clk 1:31:48]}
Nf6 {[%clk 1:31:17]} 5. Nc3 {[%clk 1:31:02]} e5 {[%clk 1:31:16]} 6. Nb3 {[%clk
1:29:38]} Bb4 {[%clk 1:30:56]} 7. Bd3 {[%clk 1:25:44]} d6 {[%clk 1:24:52]} 8. O-O
{[%clk 1:13:05]} Bxc3 {[%clk 1:24:37]} 9. bxc3 {[%clk 1:13:05]} h6 {[%clk
1:23:49]} 10. Kh1 {[%clk 1:02:42]} Be6 {[%clk 1:18:26]} 11. Bd2 {[%clk 0:38:22]}
O-O {[%clk 1:15:20]} 12. f3 {[%clk 0:30:24]} Qe7 {[%clk 1:12:08]} 13. Qe2 {[%clk
0:22:11]} Rac8 {[%clk 1:00:18]} 14. Rab1 {[%clk 0:20:10]} b6 {[%clk 0:57:36]} 15.
Rbe1 {[%clk 0:08:59]} Nd7 {[%clk 0:52:30]} 16. Be3 {[%clk 0:05:01]} f5 {[%clk
0:47:09]} 17. exf5 {[%clk 0:05:01]} Bxf5 {[%clk 0:47:26]} 18. Bxf5 {[%clk
0:03:48]} Rxf5 {[%clk 0:47:50]} 19. Rd1 {[%clk 0:03:21]} Rf6 {[%clk 0:32:03]} 20.
Rd2 {[%clk 0:00:58]} Nd8 {[%clk 0:32:00]} 21. Rfd1 {[%clk 0:01:06]} Rxc3 {[%clk
0:32:09]} 22. Kg1 {[%clk 0:00:56]} Rg6 {[%clk 0:24:57]} 23. Kh1 {[%clk 0:00:33]}
Nf7 {[%clk 0:24:54]} 24. Rd3 {[%clk 0:00:37]} Rc8 {[%clk 0:24:30]} 25. Qf2 {[%clk
0:00:42]} Rf6 {[%clk 0:23:59]} 26. Qe2 {[%clk 0:00:32]} Nf8 {[%clk 0:23:23]} 27.
R3d2 {[%clk 0:00:34]} Ng6 {[%clk 0:22:20]} 28. Rd3 {[%clk 0:00:43]} Rf5 {[%clk
0:18:25]} 29. Nc1 {[%clk 0:00:45]} Qh4 {[%clk 0:16:41]} 30. Nb3 {[%clk 0:00:35]}
e4 {[%clk 0:13:09]} 31. Rd4 {[%clk 0:00:41]} exf3 {[%clk 0:13:18]} 32. Qa6 {[%clk
0:00:37]} fxg2+ {[%clk 0:13:04]} 33. Kg1 {[%clk 0:00:55]} Rf1+ {[%clk 0:09:35]}
34. Kxg2 {[%clk 0:00:35]} Rxc2+ {[%clk 0:09:08]} 35. Kxf1 {[%clk 0:00:37]} Qh3+
{[%clk 0:09:15]} 36. Ke1 {[%clk 0:00:33]} Qxe3+ {[%clk 0:09:29]} 0-1

[Event "Greek Team Championship"]
[Site "chess24.com"]
[Date "2017.07.05"]
[Round "4"]
[White "Argiroudis, Stamatis"]
[Black "Georgakopoulos, Nikolaos"]
[Result "0-1"]
[Board "1"]
[WhiteElo "2276"]
[WhiteCountry "GRE"]
[WhiteFideId "4202210"]
[WhiteEloChange "-8"]
[BlackElo "2332"]
[BlackCountry "GRE"]
[BlackFideId "4210891"]
[BlackEloChange "8"]

1. d4 {[%clk 1:30:56]} Nf6 {[%clk 1:30:55]} 2. c4 {[%clk 1:30:42]} g6 {[%clk
1:31:01]} 3. Nc3 {[%clk 1:30:46]} Bg7 {[%clk 1:31:17]} 4. e4 {[%clk 1:30:33]} O-O
{[%clk 1:31:10]} 5. f3 {[%clk 1:30:20]} d6 {[%clk 1:31:22]} 6. Bg5 {[%clk
1:29:48]} c5 {[%clk 1:28:58]} 7. d5 {[%clk 1:29:13]} e6 {[%clk 1:29:01]} 8. Qd2
{[%clk 1:28:31]} exd5 {[%clk 1:27:05]} 9. cxd5 {[%clk 1:28:50]} Na6 {[%clk
1:25:49]} 10. Nge2 {[%clk 1:24:46]} Bd7 {[%clk 1:23:06]} 11. Ng3 {[%clk 1:19:44]}
Nc7 {[%clk 1:17:25]} 12. Be2 {[%clk 1:04:34]} b5 {[%clk 1:13:18]} 13. a3 {[%clk
1:04:17]} a5 {[%clk 1:12:22]} 14. Nd1 {[%clk 0:58:20]} Na6 {[%clk 0:49:24]} 15.
O-O {[%clk 0:54:32]} c4 {[%clk 0:40:16]} 16. Nf2 {[%clk 0:47:29]} Nc5 {[%clk
0:39:23]} 17. Bd1 {[%clk 0:41:37]} Qb6 {[%clk 0:32:35]} 18. Be3 {[%clk 0:26:06]}
Rfe8 {[%clk 0:17:31]} 19. f4 {[%clk 0:18:01]} h5 {[%clk 0:15:57]} 20. Bc2 {[%clk
0:14:05]} b4 {[%clk 0:12:17]} 21. e5 {[%clk 0:10:57]} c3 {[%clk 0:08:22]} 22.
bxc3 {[%clk 0:10:10]} bxc3 {[%clk 0:08:30]} 23. Qd4 {[%clk 0:09:55]} Qd8 {[%clk
0:07:26]} 24. Qc4 {[%clk 0:07:01]} h4 {[%clk 0:00:46]} 25. Ne2 {[%clk 0:06:14]}
Rc8 {[%clk 0:00:47]} 26. exf6 {[%clk 0:05:55]} Rxe3 {[%clk 0:01:15]} 27. fxg7
{[%clk 0:06:08]} Na4 {[%clk 0:00:34]} 28. Qd4 {[%clk 0:04:59]} Rxe2 {[%clk
0:00:34]} 29. Bxa4 {[%clk 0:05:18]} Rd2 {[%clk 0:00:41]} 30. Qe3 {[%clk 0:04:17]}
Bxa4 {[%clk 0:00:59]} 31. f5 {[%clk 0:04:40]} Kxg7 {[%clk 0:00:32]} 32. Ne4
{[%clk 0:04:47]} Qe8 {[%clk 0:00:33]} 33. fxg6 {[%clk 0:02:52]} fxg6 {[%clk
0:00:42]} 34. Qf4 {[%clk 0:03:08]} Qe5 {[%clk 0:00:33]} 35. Qxe5+ {[%clk
0:00:34]} dxe5 {[%clk 0:01:00]} 36. Nxd2 {[%clk 0:00:37]} cxd2 {[%clk 0:01:29]}
37. Rfd1 {[%clk 0:00:34]} Bxd1 {[%clk 0:01:51]} 0-1

[Event "Greek Team Championship"]
[Site "chess24.com"]
[Date "2017.07.05"]
[Round "4"]
[White "Kanellopoulos, Panayotis"]
[Black "Hadzimanolis, Antonios"]
[Result "1-0"]
[Board "2"]
[WhiteElo "2208"]
[WhiteCountry "GRE"]
[WhiteFideId "4205928"]
[WhiteEloChange "11"]
[BlackElo "2237"]
[BlackTitle "FM"]
[BlackCountry "GRE"]
[BlackFideId "4202813"]
[BlackEloChange "-11"]

1. c4 {[%clk 1:29:56]} Nf6 {[%clk 1:30:54]} 2. g3 {[%clk 1:30:12]} g6 {[%clk
1:30:55]} 3. Bg2 {[%clk 1:30:31]} Bg7 {[%clk 1:31:19]} 4. Nc3 {[%clk 1:30:32]}
O-O {[%clk 1:31:40]} 5. e4 {[%clk 1:30:25]} d6 {[%clk 1:31:32]} 6. Nge2 {[%clk
1:30:41]} Nc6 {[%clk 1:30:39]} 7. O-O {[%clk 1:30:29]} e5 {[%clk 1:30:10]} 8. d3
{[%clk 1:30:28]} h6 {[%clk 1:30:06]} 9. h3 {[%clk 1:29:39]} Be6 {[%clk 1:27:09]}
10. Be3 {[%clk 1:26:37]} Qd7 {[%clk 1:20:06]} 11. Kh2 {[%clk 1:25:29]} Ne7 {[%clk
1:16:22]} 12. Nd5 {[%clk 1:23:47]} Bxd5 {[%clk 1:07:59]} 13. cxd5 {[%clk
1:23:56]} c6 {[%clk 1:07:59]} 14. dxc6 {[%clk 1:16:47]} bxc6 {[%clk 1:04:06]} 15.
Qd2 {[%clk 1:12:28]} Kh7 {[%clk 1:04:03]} 16. d4 {[%clk 1:10:37]} exd4 {[%clk
0:57:19]} 17. Bxd4 {[%clk 1:07:12]} Rab8 {[%clk 0:53:19]} 18. Rad1 {[%clk
1:02:51]} Rfd8 {[%clk 0:53:19]} 19. b3 {[%clk 0:45:59]} Ne8 {[%clk 0:32:14]} 20.
Be3 {[%clk 0:37:54]} Qb7 {[%clk 0:21:13]} 21. f4 {[%clk 0:31:56]} d5 {[%clk
0:13:55]} 22. e5 {[%clk 0:24:19]} Nf5 {[%clk 0:11:25]} 23. Bf2 {[%clk 0:23:42]}
Bf8 {[%clk 0:08:09]} 24. g4 {[%clk 0:17:51]} Bb4 {[%clk 0:08:31]} 25. Qc2 {[%clk
0:17:55]} Nfg7 {[%clk 0:08:17]} 26. f5 {[%clk 0:17:02]} gxf5 {[%clk 0:06:42]} 27.
gxf5 {[%clk 0:15:12]} f6 {[%clk 0:06:38]} 28. Ng3 {[%clk 0:08:55]} Qc7 {[%clk
0:05:31]} 29. e6 {[%clk 0:07:59]} Bd6 {[%clk 0:05:36]} 30. Bf3 {[%clk 0:06:03]}
Bf4 {[%clk 0:02:28]} 31. Kg2 {[%clk 0:04:59]} Nd6 {[%clk 0:00:47]} 32. Bxd5
{[%clk 0:03:52]} Qa5 {[%clk 0:00:57]} 33. Be1 {[%clk 0:03:52]} Qa6 {[%clk
0:00:34]} 34. Qxc6 {[%clk 0:02:53]} Qxa2+ {[%clk 0:00:37]} 35. Rf2 {[%clk
0:02:50]} Qa3 {[%clk 0:00:47]} 36. Rxf4 {[%clk 0:02:58]} Rb6 {[%clk 0:01:15]} 37.
Qc1 {[%clk 0:02:37]} Qa6 {[%clk 0:01:35]} 38. Bf2 {[%clk 0:02:25]} Rc8 {[%clk
0:02:00]} 39. Qa1 {[%clk 0:02:30]} Rc2 {[%clk 0:02:08]} 40. Qxf6 {[%clk 0:32:18]}
1-0

[Event "Greek Team Championship"]
[Site "chess24.com"]
[Date "2017.07.05"]
[Round "4"]
[White "Vragoteris, Antonios"]
[Black "Deligiannis, Paraskevas"]
[Result "0-1"]
[Board "3"]
[WhiteElo "2212"]
[WhiteTitle "FM"]
[WhiteCountry "GRE"]
[WhiteFideId "4200110"]
[WhiteEloChange "-15"]
[BlackElo "2028"]
[BlackCountry "GRE"]
[BlackFideId "4240197"]
[BlackEloChange "15"]

1. c4 {[%clk 1:11:29]} b6 {[%clk 1:29:19]} 2. Nc3 {[%clk 1:10:16]} Bb7 {[%clk
1:29:39]} 3. d4 {[%clk 1:08:55]} e6 {[%clk 1:29:39]} 4. Nf3 {[%clk 1:08:37]} Nf6
{[%clk 1:27:43]} 5. a3 {[%clk 1:08:54]} d5 {[%clk 1:26:47]} 6. cxd5 {[%clk
1:09:13]} Nxd5 {[%clk 1:27:11]} 7. e3 {[%clk 1:05:48]} Nxc3 {[%clk 1:25:53]} 8.
bxc3 {[%clk 1:05:52]} Be7 {[%clk 1:25:53]} 9. Bb5+ {[%clk 1:06:01]} c6 {[%clk
1:25:59]} 10. Bd3 {[%clk 1:06:22]} Nd7 {[%clk 1:24:55]} 11. O-O {[%clk 1:06:03]}
O-O {[%clk 1:25:14]} 12. e4 {[%clk 1:06:25]} Qc7 {[%clk 1:22:08]} 13. e5 {[%clk
0:55:43]} h6 {[%clk 1:19:55]} 14. Nd2 {[%clk 0:49:29]} c5 {[%clk 1:15:42]} 15.
Ne4 {[%clk 0:46:10]} Rfd8 {[%clk 1:06:55]} 16. Bf4 {[%clk 0:32:42]} Nf8 {[%clk
0:45:28]} 17. Qg4 {[%clk 0:28:27]} Ng6 {[%clk 0:37:34]} 18. Nf6+ {[%clk 0:23:22]}
Bxf6 {[%clk 0:34:52]} 19. Bxg6 {[%clk 0:23:32]} Bg5 {[%clk 0:29:31]} 20. Bxg5
{[%clk 0:20:50]} hxg5 {[%clk 0:29:58]} 21. Bd3 {[%clk 0:16:32]} cxd4 {[%clk
0:26:22]} 22. cxd4 {[%clk 0:16:33]} Qe7 {[%clk 0:25:34]} 23. Rad1 {[%clk
0:12:39]} g6 {[%clk 0:22:46]} 24. Bb1 {[%clk 0:10:08]} Ba6 {[%clk 0:19:59]} 25.
Rfe1 {[%clk 0:10:16]} Rd7 {[%clk 0:18:33]} 26. f4 {[%clk 0:08:29]} gxf4 {[%clk
0:17:04]} 27. Re4 {[%clk 0:08:37]} Qxa3 {[%clk 0:13:13]} 28. Qxf4 {[%clk
0:04:45]} Qf8 {[%clk 0:11:49]} 29. Re3 {[%clk 0:03:35]} Rad8 {[%clk 0:11:09]} 30.
Rg3 {[%clk 0:01:37]} Qg7 {[%clk 0:10:43]} 31. h4 {[%clk 0:01:23]} Kh8 {[%clk
0:04:08]} 32. Rd2 {[%clk 0:01:04]} Rg8 {[%clk 0:03:20]} 33. Rg5 {[%clk 0:01:17]}
Qh6 {[%clk 0:02:47]} 34. Qf6+ {[%clk 0:00:45]} Qg7 {[%clk 0:02:47]} 35. Qf4
{[%clk 0:01:13]} Qh6 {[%clk 0:03:11]} 36. h5 {[%clk 0:01:17]} Bc4 {[%clk
0:01:51]} 37. Be4 {[%clk 0:00:39]} Bd5 {[%clk 0:01:52]} 38. Bc2 {[%clk 0:00:39]}
Rc7 {[%clk 0:01:33]} 39. Rf2 {[%clk 0:00:34]} Rgc8 {[%clk 0:00:52]} 40. Bd3
{[%clk 0:30:34]} Rc1+ {[%clk 0:30:40]} 41. Kh2 {[%clk 0:28:11]} R1c3 {[%clk
0:28:03]} 42. Qf6+ {[%clk 0:17:26]} Qg7 {[%clk 0:28:22]} 43. hxg6 {[%clk
0:17:22]} fxg6 {[%clk 0:16:01]} 44. Qxg7+ {[%clk 0:09:40]} Kxg7 {[%clk 0:16:27]}
45. Rxg6+ {[%clk 0:09:10]} Kh8 {[%clk 0:14:04]} 46. Rf4 {[%clk 0:08:00]} R8c7
{[%clk 0:13:36]} 47. Rg3 {[%clk 0:05:57]} Rxd3 {[%clk 0:10:50]} 48. Rh4+ {[%clk
0:04:28]} Rh7 {[%clk 0:11:17]} 49. Rxh7+ {[%clk 0:04:51]} Kxh7 {[%clk 0:11:46]}
50. Rxd3 {[%clk 0:05:14]} a5 {[%clk 0:11:42]} 51. Kg3 {[%clk 0:01:31]} a4 {[%clk
0:11:07]} 52. Ra3 {[%clk 0:00:48]} b5 {[%clk 0:11:22]} 53. Ra1 {[%clk 0:00:34]}
Bb3 {[%clk 0:11:18]} 54. Kf4 {[%clk 0:00:52]} b4 {[%clk 0:10:49]} 55. Rc1 {[%clk
0:00:39]} a3 {[%clk 0:09:18]} 56. Kg5 {[%clk 0:00:55]} a2 {[%clk 0:09:06]} 57.
Rc7+ {[%clk 0:01:14]} Kg8 {[%clk 0:09:28]} 58. Ra7 {[%clk 0:00:38]} Bd5 {[%clk
0:09:47]} 59. Kf6 {[%clk 0:00:41]} b3 {[%clk 0:09:56]} 60. Rg7+ {[%clk 0:00:41]}
0-1